Missing Word: Metro-Goldwyn-Mayer Quiz Stats

Quiz Updated Aug 23, 2017

Challenge
Share
Tweet
Embed
Score 0/20 Timer 04:00
0 Plays Today
Movie Missing Word % Correct
North by _____Northwest
96.9%
Of _____ and MenMice
96.9%
The Adventures of _____ FinnHuckleberry
95.5%
A Fish Called _____Wanda
95.5%
Legally _____Blonde
95.3%
An American in _____Paris
94.9%
The _____ DozenDirty
92.9%
The _____ Crown AffairThomas
87.4%
2001: A Space _____Odyssey
86.5%
_____ Las VegasLeaving
84.8%
Movie Missing Word % Correct
Six Degrees of _____Separation
82%
Doctor _____Zhivago
76.9%
Logan's _____Run
76.9%
_____ Never DiesTomorrow
75%
Death at a _____Funeral
74.1%
Nanny _____McPhee
69.7%
Hansel and Gretel: _____ HuntersWitch
64.3%
_____ GreenSoylent
55.8%
How to Lose Friends & _____ PeopleAlienate
36.6%
The Night of the _____Iguana
29%

Today's Daily Dose

Missing Word
Ubisoft Games

Word Ladder
Physics Phun

Quick Pick
Me an EGOT II

On This Day
May 27th II

You're not logged in!

Compare scores with friends on all Sporcle quizzes.
Join for Free
OR
Log In

You Might Also Like...

Show Comments

Extras

Top Quizzes Today


Score Distribution

Your Account Isn't Verified!

In order to create a playlist on Sporcle, you need to verify the email address you used during registration. Go to your Sporcle Settings to finish the process.

Report this User

Report this user for behavior that violates our Community Guidelines.

Details: